[Event "Druzynowe Mistrzostwa Polski w Szachach I LIGA 2021"]
[Site "Szklarska Poreba"]
[Date "1899-12-30"]
[Round "1.51"]
[White "Markiewicz, Jerzy"]
[Black "Tomaszewski, Kacper"]
[Result "1/2-1/2"]
[WhiteTitle "FM"]
[BlackTitle "FM"]
[WhiteElo "2197"]
[BlackElo "2302"]

1. e4 c6 2. d4 d5 3. e5 Bf5 4. h4 h5 5. Nf3 e6 6. c4 Ne7 7. Nc3 Nd7 8. Bd3 dxc4
9. Bxc4 Bg6 10. O-O Nf5 11. Bg5 Be7 12. Bxe7 Qxe7 13. g3 Nb6 14. Qb3 Rd8 15. Ne2
Nxc4 16. Qxc4 Qd7 17. Rad1 Ne7 18. Nf4 Bf5 19. Ng5 Nd5 20. Nd3 Nb6 21. Qc1 Qe7
22. Nc5 O-O 23. Rfe1 Nc8 24. Qe3 Rd5 25. Nd3 Ra5 26. a3 Nb6 27. Nf4 Rb5 28. Qd2
Nc4 29. Qe2 Nxb2 30. Rd2 Qxa3 31. d5 Bg4 32. Qe4 Bf5 33. Qe2 Bg4 34. Qe4 Bf5 35.
Qe2 1/2-1/2

[Event "Druzynowe Mistrzostwa Polski w Szachach I LIGA 2021"]
[Site "Szklarska Poreba"]
[Date "1899-12-30"]
[Round "1.52"]
[White "Koziol, Kamil"]
[Black "Augustyn, Sebastian"]
[Result "1-0"]
[WhiteTitle "FM"]
[BlackTitle "k"]
[WhiteElo "2276"]
[BlackElo "2147"]

1. e4 c5 2. Nf3 g6 3. d4 cxd4 4. Qxd4 Nf6 5. Nc3 Nc6 6. Qa4 d6 7. e5 dxe5 8. Nxe5
Bd7 9. Nxd7 Qxd7 10. Be3 Bg7 11. Rd1 Qf5 12. Ba6 Qc8 13. Be2 O-O 14. O-O a6 15.
Qb3 b5 16. a4 Na5 17. Qb4 Nc4 18. Bd4 Rb8 19. axb5 axb5 20. Nxb5 Nd6 21. Qa4 Nxb5
22. Bxb5 Qf5 23. c4 e5 24. Bc5 Rfc8 25. Ba7 Ra8 26. Bc6 Rxc6 27. Qxc6 Rxa7 28.
Rd8+ Bf8 29. Qc5 1-0

[Event "Druzynowe Mistrzostwa Polski w Szachach I LIGA 2021"]
[Site "Szklarska Poreba"]
[Date "1899-12-30"]
[Round "1.53"]
[White "Mika, Tomasz"]
[Black "Kucharska, Honorata"]
[Result "1/2-1/2"]
[WhiteTitle "I++"]
[BlackTitle "WFM"]
[WhiteElo "2137"]
[BlackElo "2172"]

1. d4 d5 2. Bf4 Nf6 3. e3 c5 4. c3 e6 5. Nf3 Nc6 6. Nbd2 Bd6 7. Bg3 O-O 8. Bd3
b6 9. e4 dxe4 10. Nxe4 Nxe4 11. Bxe4 Bb7 12. Qa4 Qc7 13. dxc5 bxc5 14. Rd1 Rfd8
15. Rd2 h6 16. O-O Bxg3 17. Rxd8+ Rxd8 18. hxg3 a6 19. Re1 Ne7 20. Bb1 Nd5 21.
Ne5 Nf6 22. Qf4 Qd6 23. Bc2 Qd5 24. f3 Qxa2 25. Re2 Qa5 26. g4 Qc7 27. g5 hxg5
28. Qxg5 c4 29. Qh4 Bd5 30. g4 Ne8 31. Qh7+ Kf8 32. Qh8+ Ke7 33. Qg8 Qb6+ 34.
Kf1 f6 35. Qf7+ Kd6 36. Qf8+ Kc7 37. Qe7+ Kb8 38. Nd7+ Rxd7 39. Qxd7 Nc7 40. Qd8+
Kb7 41. Be4 Bxe4 42. fxe4 Qc5 43. Qd4 Qc6 44. Rd2 e5 45. Qe3 Ne6 46. Rd5 Nf4 47.
Rd8 Ne6 48. Rg8 Qd7 49. Ke1 Nf4 50. Qf3 Nd3+ 51. Kf1 Nf4 52. Rh8 Qd2 53. Rh7 Qc1+
54. Kf2 Qd2+ 1/2-1/2

[Event "Druzynowe Mistrzostwa Polski w Szachach I LIGA 2021"]
[Site "Szklarska Poreba"]
[Date "1899-12-30"]
[Round "1.54"]
[White "Kroliczek, Gabriela"]
[Black "Mirowska, Oliwia"]
[Result "0-1"]
[WhiteTitle "k"]
[BlackTitle "k"]
[WhiteElo "1889"]
[BlackElo "1778"]

1. e4 d6 2. f4 g6 3. Nf3 a6 4. d4 Nd7 5. Bd3 b5 6. O-O c5 7. c3 Bg7 8. e5 Qc7 9.
Qe2 e6 10. f5 gxf5 11. Bxf5 dxe5 12. Bxe6 f6 13. Bxg8 Rxg8 14. Qe4 Bb7 15. Qxh7
O-O-O 16. Qf5 Bf8 17. Nbd2 Qc6 18. Re1 cxd4 19. cxd4 Bb4 20. Re2 Bxd2 21. Nxd2
Rxg2+ 22. Kf1 Rdg8 23. Ke1 R8g5 24. Qd3 Rg1+ 25. Nf1 Rxf1+ 26. Kxf1 Qh1+ 27. Kf2
Qg1# 0-1

[Event "Druzynowe Mistrzostwa Polski w Szachach I LIGA 2021"]
[Site "Szklarska Poreba"]
[Date "1899-12-30"]
[Round "1.55"]
[White "Paszewski, Mateusz"]
[Black "Fus, Jakub"]
[Result "1/2-1/2"]
[WhiteTitle "FM"]
[BlackTitle "FM"]
[WhiteElo "2282"]
[BlackElo "2376"]

1. d4 Nf6 2. c4 e6 3. g3 Bb4+ 4. Nd2 c5 5. a3 Bxd2+ 6. Qxd2 cxd4 7. Nf3 b6 8. Bg2
Bb7 9. O-O Nc6 10. Nxd4 Nxd4 11. Qxd4 Bxg2 12. Kxg2 d5 13. cxd5 Qxd5+ 14. Qxd5
Nxd5 15. Bd2 Rc8 16. Rac1 Rxc1 17. Rxc1 Kd7 18. e4 Nf6 19. Kf3 Rc8 20. Rxc8 Kxc8
21. Bc3 Ne8 22. Ke3 Kd7 23. Kd4 f6 24. Bb4 e5+ 25. Kc4 Nc7 26. a4 Ne6 27. Kd5
Nc7+ 28. Kc4 Ne6 29. Kd5 Nc7+ 1/2-1/2

[Event "Druzynowe Mistrzostwa Polski w Szachach I LIGA 2021"]
[Site "Szklarska Poreba"]
[Date "1899-12-30"]
[Round "1.56"]
[White "Baum, Jonasz"]
[Black "Koziorowicz, Michal"]
[Result "0-1"]
[WhiteTitle "IM"]
[BlackTitle "k+"]
[WhiteElo "2254"]
[BlackElo "2274"]

1. d4 Nf6 2. c4 g6 3. f3 Bg7 4. e4 d6 5. Nc3 O-O 6. Nge2 c5 7. d5 e6 8. Ng3 exd5
9. cxd5 a6 10. a4 h5 11. Bg5 Qe8 12. Bd3 Nbd7 13. O-O Nh7 14. Bc1 h4 15. Nh1 h3
16. g3 Ne5 17. Be2 f5 18. Nf2 fxe4 19. Nfxe4 Qe7 20. f4 Nf7 21. Re1 Bf5 22. Bf3
Rae8 23. Be3 b5 24. axb5 axb5 25. Bf2 Qb7 26. Qb3 b4 27. Nb1 g5 28. Nbd2 g4 29.
Bh1 Rd8 30. Nc4 Rfe8 31. Na5 Qb5 32. Nc6 c4 33. Qc2 Qxd5 34. Nxd8 Rxd8 35. Rad1
Qb5 36. Qc1 d5 37. Nc5 d4 38. Ne6 Bxe6 39. Rxe6 c3 40. bxc3 bxc3 41. Rg6 Qc4 42.
Rc6 Qb3 43. Be4 Nf6 44. Qc2 Qb5 45. Rb1 Qa5 46. Rxf6 Bxf6 47. Qe2 Qh5 48. Rb5
Qh6 49. Qxg4+ Bg7 50. Qf5 c2 51. Bxc2 Qc6 52. Kf1 Qg2+ 53. Ke2 Re8+ 54. Kd3 Qf1+
0-1

[Event "Druzynowe Mistrzostwa Polski w Szachach I LIGA 2021"]
[Site "Szklarska Poreba"]
[Date "1899-12-30"]
[Round "1.57"]
[White "Ciesla, Adam"]
[Black "Dalkowski, Rafal"]
[Result "1-0"]
[WhiteTitle "m"]
[BlackTitle "k"]
[WhiteElo "2276"]
[BlackElo "2252"]

1. e4 c6 2. d4 d5 3. Nd2 dxe4 4. Nxe4 Bf5 5. Ng3 Bg6 6. h4 h6 7. Nf3 Nd7 8. h5
Bh7 9. Bd3 Bxd3 10. Qxd3 Ngf6 11. Bd2 e6 12. O-O-O Be7 13. Kb1 c5 14. Ne4 Nxe4
15. Qxe4 O-O 16. dxc5 Nxc5 17. Qg4 f5 18. Qc4 b5 19. Qe2 Qc8 20. Bb4 Re8 21. Bxc5
Bxc5 22. Ne5 Qb7 23. f3 Rac8 24. Rd7 Rc7 25. Rhd1 Rxd7 26. Nxd7 Qc6 27. Ne5 Qb6
28. Rd3 Bd6 29. Ng6 Bc7 30. a3 b4 31. axb4 Qxb4 32. Rd7 Bd6 33. Rxa7 Bc5 34. Rc7
Qb6 35. Qe5 Bf8 36. Nxf8 Qg1+ 37. Ka2 Ra8+ 38. Kb3 Qb6+ 39. Kc3 Qa5+ 40. Qxa5
1-0

[Event "Druzynowe Mistrzostwa Polski w Szachach I LIGA 2021"]
[Site "Szklarska Poreba"]
[Date "1899-12-30"]
[Round "1.58"]
[White "Jarzebowski, Kacper"]
[Black "Tomaszewski, Roman"]
[Result "0-1"]
[WhiteTitle "k+"]
[BlackTitle "IM"]
[WhiteElo "2090"]
[BlackElo "2193"]

1. d4 Nf6 2. c4 e6 3. Nf3 Bb4+ 4. Bd2 a5 5. g3 b6 6. Bg2 Bb7 7. O-O Bxd2 8. Nbxd2
Qe7 9. Qc2 d6 10. e4 e5 11. d5 Nbd7 12. Ne1 O-O 13. Nd3 Nc5 14. f4 Nxd3 15. Qxd3
Nd7 16. Rae1 a4 17. Rf2 Nc5 18. Qc3 Bc8 19. Nf1 Bd7 20. f5 f6 21. g4 b5 22. Nd2
c6 23. dxc6 Bxc6 24. Bf1 bxc4 25. Bxc4+ Kh8 26. Rf3 Qb7 27. Rh3 d5 28. exd5 Bxd5
29. b4 axb3 30. Nxb3 Nxb3 31. axb3 Bxc4 32. bxc4 Ra2 33. Rg3 Rd8 34. Qb3 Qa7+
35. Qe3 Qa8 36. Re2 Rd1+ 37. Kf2 Raa1 38. Rf3 Rg1 39. Qe4 Raf1+ 40. Ke3 Qa3+ 0-1

[Event "Druzynowe Mistrzostwa Polski w Szachach I LIGA 2021"]
[Site "Szklarska Poreba"]
[Date "1899-12-30"]
[Round "1.59"]
[White "Kaliszuk, Kamil"]
[Black "Mulawa, Cyprian"]
[Result "0-1"]
[WhiteTitle "I+"]
[BlackTitle "I"]
[WhiteElo "1717"]
[BlackElo "1981"]

1. d4 Nf6 2. c4 g6 3. Nc3 Bg7 4. e4 d6 5. f3 O-O 6. Nge2 c5 7. d5 e6 8. Ng3 exd5
9. cxd5 a6 10. a4 h5 11. Bg5 Qe8 12. Bd3 Nbd7 13. O-O Nh7 14. Be3 f5 15. Qd2 Ne5
16. Be2 Nf6 17. h3 h4 18. Nh1 fxe4 19. fxe4 Nh7 20. Bg5 Nxg5 21. Qxg5 Bd7 22.
Rxf8+ Qxf8 23. Qxh4 Bf6 24. Qg3 Qh6 25. Rf1 Bh4 26. Qf4 Bg5 27. Qg3 Be3+ 28. Kh2
Rf8 29. Qe1 Bf4+ 30. Kg1 Bxh3 31. Rxf4 Qxf4 32. gxh3 Qe3+ 33. Kg2 Nd3 34. Qg3
Nf4+ 35. Kh2 Qd2 36. Nf2 Kg7 37. Bf3 Nh5 38. Nb1 Qe3 39. Ng4 Rxf3 40. Nxe3 Nxg3
0-1

[Event "Druzynowe Mistrzostwa Polski w Szachach I LIGA 2021"]
[Site "Szklarska Poreba"]
[Date "1899-12-30"]
[Round "1.60"]
[White "Rejniak, Zuzanna"]
[Black "Lach, Aleksandra"]
[Result "0-1"]
[WhiteTitle "k"]
[BlackTitle "WIM"]
[WhiteElo "1810"]
[BlackElo "2157"]

1. e4 c5 2. Nf3 a6 3. c3 d5 4. exd5 Qxd5 5. d4 cxd4 6. cxd4 Nf6 7. Nc3 Qd6 8. Be2
e6 9. O-O Be7 10. Bg5 O-O 11. Qd2 Nc6 12. Bxf6 Bxf6 13. Ne4 Qe7 14. Nxf6+ Qxf6
15. Rfd1 Rd8 16. Qc3 Ne7 17. Ne5 Nd5 18. Qg3 Bd7 19. Rac1 Bb5 20. Bh5 Be8 21.
Bf3 Qe7 22. Rc5 f6 23. Bxd5 Rxd5 24. Rxd5 exd5 25. Ng4 Bg6 26. Ne3 Re8 27. h4
Qe4 28. Qc7 Qxh4 29. Qxb7 Bf7 30. Qxa6 f5 31. Nxf5 Qg4 32. Qd3 Bg6 33. f3 Qxf5
34. Qxf5 Bxf5 35. Kf2 Ra8 36. Ra1 Bd3 37. a3 Re8 38. b4 Re2+ 39. Kg3 Rb2 40. Kf4
Kf7 41. Ke5 Ke7 42. Kxd5 Kd7 43. Kc5 Rc2+ 44. Kd5 Rxg2 45. a4 Rg5# 0-1

[Event "Druzynowe Mistrzostwa Polski w Szachach I LIGA 2021"]
[Site "Szklarska Poreba"]
[Date "1899-12-30"]
[Round "1.61"]
[White "Marczuk, Dominik"]
[Black "Dobrowolski, Piotr"]
[Result "1/2-1/2"]
[WhiteTitle "FM"]
[BlackTitle "IM"]
[WhiteElo "2280"]
[BlackElo "2413"]

1. d4 d5 2. Nc3 Nf6 3. Bf4 e6 4. Nb5 Na6 5. a3 Be7 6. e3 O-O 7. Nf3 c6 8. Nc3 c5
9. Ne5 Bd7 10. g4 cxd4 11. exd4 Be8 12. Bd3 Qb6 13. Rb1 Rc8 14. O-O Nb8 15. Re1
Nc6 16. g5 Ne4 17. Nxe4 dxe4 18. Bxe4 Nxe5 19. Bxe5 Bxg5 20. Qg4 Bh6 21. Bd3 f6
22. Bf4 Qxd4 23. Qxe6+ Bf7 24. Qf5 Bg6 25. Qe6+ Bf7 26. Qf5 Bg6 27. Qe6+ Bf7 1/2-1/2

[Event "Druzynowe Mistrzostwa Polski w Szachach I LIGA 2021"]
[Site "Szklarska Poreba"]
[Date "1899-12-30"]
[Round "1.62"]
[White "Ochedzan, Tymon"]
[Black "Chmiel, Marcin"]
[Result "1-0"]
[WhiteTitle "FM"]
[BlackTitle "k+"]
[WhiteElo "2300"]
[BlackElo "2232"]

1. e4 c6 2. d4 d5 3. f3 dxe4 4. fxe4 e5 5. Nf3 Bg4 6. Bc4 Nd7 7. O-O Ngf6 8. Be3
Bd6 9. c3 O-O 10. Nbd2 b5 11. Bb3 Bh5 12. Qe1 Bg6 13. Bg5 Qc7 14. Qh4 Rfe8 15.
Rae1 h6 16. Bxh6 c5 17. dxc5 Nxc5 18. Bg5 Nxb3 19. axb3 Be7 20. Kh1 Rad8 21. b4
Rd3 22. Nb3 Nxe4 23. Bxe7 Rxe7 24. Rxe4 Bxe4 25. Qxe4 Qc4 26. Qxc4 bxc4 27. Nc5
Rd5 28. Ne4 f5 29. Ned2 Rc7 30. Re1 e4 31. Nd4 a5 32. b5 Rcc5 33. Kg1 Rxb5 34.
Nxb5 Rxd2 35. Na3 Rxb2 36. Nxc4 Ra2 37. Nd6 g6 38. Rc1 a4 39. c4 e3 40. c5 Rd2
41. Nc4 Rd3 42. Kf1 f4 43. c6 Rd5 44. Nb6 Rd2 45. c7 e2+ 46. Ke1 1-0

[Event "Druzynowe Mistrzostwa Polski w Szachach I LIGA 2021"]
[Site "Szklarska Poreba"]
[Date "1899-12-30"]
[Round "1.63"]
[White "Gbyl, Andrzej"]
[Black "Luberanski, Jakub"]
[Result "1-0"]
[WhiteTitle "k+"]
[BlackTitle "FM"]
[WhiteElo "2204"]
[BlackElo "2188"]

1. d4 Nf6 2. Nf3 g6 3. Bf4 Bg7 4. Nc3 d5 5. e3 c6 6. Be2 Qb6 7. Rb1 O-O 8. Ne5
c5 9. O-O cxd4 10. exd4 Nc6 11. Nxc6 Qxc6 12. Re1 a6 13. Bf3 Be6 14. Qd2 Rfc8
15. Re2 b5 16. Rbe1 b4 17. Nd1 a5 18. Ne3 Qa4 19. Be5 Qxa2 20. g4 Bh6 21. Qd3
Bxe3 22. Qxe3 Nd7 23. Bg3 a4 24. Qg5 Nf6 25. Rxe6 fxe6 26. Rxe6 Rf8 27. Rxe7 Rf7
28. Rxf7 Kxf7 29. Be5 Ra6 30. Kg2 Ne4 31. Qh6 Ke6 32. Qxh7 Rc6 33. g5 Nd6 34.
Bg4+ Nf5 35. Qxg6+ Kd7 36. Bxf5+ 1-0

[Event "Druzynowe Mistrzostwa Polski w Szachach I LIGA 2021"]
[Site "Szklarska Poreba"]
[Date "1899-12-30"]
[Round "1.64"]
[White "Fudalej, Michal"]
[Black "Golda, Sebastian"]
[Result "0-1"]
[WhiteTitle "FM"]
[BlackTitle "k"]
[WhiteElo "2203"]
[BlackElo "2053"]

1. Nf3 Nf6 2. g3 g6 3. Bg2 Bg7 4. c4 d6 5. Nc3 e5 6. d3 O-O 7. O-O Nh5 8. Rb1 f5
9. Bg5 Qd7 10. Bd2 h6 11. b4 g5 12. Qb3 Qf7 13. Nxg5 hxg5 14. Bd5 Be6 15. Bxb7
Nd7 16. Bxa8 Rxa8 17. Bxg5 f4 18. Qa4 Qf5 19. Qc6 Rf8 20. Bh4 Ndf6 21. Qg2 Kh8
22. Nd5 Nxd5 23. cxd5 Bc8 24. Rfc1 Qf7 25. Rc2 Bh6 26. Rbc1 fxg3 27. Rxc7 Qxf2+
28. Qxf2 gxf2+ 29. Bxf2 Bxc1 30. Rxc1 Nf4 31. Kf1 Nh3 32. Rxc8 Rxc8 33. Bxa7 Nf4
34. b5 Nxd5 35. b6 Rc1+ 36. Kf2 Rb1 37. Kf3 Nxb6 38. Ke4 Kg8 39. Bb8 Nc8 40. Bc7
Rb7 0-1

[Event "Druzynowe Mistrzostwa Polski w Szachach I LIGA 2021"]
[Site "Szklarska Poreba"]
[Date "1899-12-30"]
[Round "1.65"]
[White "Warchol, Bartosz"]
[Black "Kolasinski, Krzysztof"]
[Result "1/2-1/2"]
[WhiteTitle "I++"]
[BlackTitle "k"]
[WhiteElo "1897"]
[BlackElo "2112"]

1. d4 Nf6 2. c4 c5 3. d5 b5 4. cxb5 a6 5. bxa6 g6 6. Nc3 Bxa6 7. e4 Bxf1 8. Kxf1
d6 9. Nf3 Bg7 10. g3 Nbd7 11. Kg2 O-O 12. Qe2 Qa5 13. Rd1 Rfb8 14. Rb1 Qa6 15.
Qc2 Ng4 16. Bd2 Bd4 17. Be1 Nde5 18. Nxe5 Nxe5 19. Ne2 Qxa2 20. Nxd4 cxd4 21.
Rxd4 Rc8 22. Qd1 Rc4 23. Bc3 f6 24. Rc1 Qa6 25. b3 Rcc8 26. Ra4 Qb7 27. Rxa8 Rxa8
28. Bxe5 dxe5 29. Qd3 Ra3 30. Rc3 Qb4 31. Qf3 Ra1 32. h4 Re1 33. Re3 Rb1 34. h5
gxh5 35. Qxh5 Qb5 36. Qg4+ Kf8 37. Qc8+ Kg7 38. Qg4+ Kf8 39. Re2 Rc1 40. Qf3 Rb1
41. d6 Qxb3 42. dxe7+ Kxe7 43. Qxb3 1/2-1/2

[Event "Druzynowe Mistrzostwa Polski w Szachach I LIGA 2021"]
[Site "Szklarska Poreba"]
[Date "1899-12-30"]
[Round "1.66"]
[White "Dmochowska, Agnieszka"]
[Black "Dylag, Emilia"]
[Result "0-1"]
[WhiteTitle "WFM"]
[BlackTitle "WFM"]
[WhiteElo "2091"]
[BlackElo "2065"]

1. e4 e5 2. Nf3 Nc6 3. Bb5 a6 4. Ba4 Nf6 5. O-O b5 6. Bb3 Bc5 7. a4 Rb8 8. c3 d6
9. d4 Bb6 10. axb5 axb5 11. Qd3 O-O 12. Bg5 h6 13. Bh4 Bg4 14. Nbd2 exd4 15. cxd4
g5 16. e5 gxh4 17. Qg6+ Kh8 18. Qxh6+ Nh7 19. Bc2 f5 20. exf6 Rf7 21. Ng5 Qxf6
22. Bxh7 Qxh6 23. Nxf7+ Kxh7 24. Nxh6 Kxh6 25. h3 Be2 26. Rfc1 Nxd4 27. Kh2 Rf8
28. f3 Rg8 29. Ra6 Ne6 30. Ne4 Nf4 31. g4 hxg3+ 32. Nxg3 Bd3 33. Rd1 b4 34. Rd2
Bxa6 0-1

[Event "Druzynowe Mistrzostwa Polski w Szachach I LIGA 2021"]
[Site "Szklarska Poreba"]
[Date "1899-12-30"]
[Round "1.67"]
[White "Maciejczak, Jakub"]
[Black "Goluch, Piotr"]
[Result "1/2-1/2"]
[WhiteTitle "FM"]
[BlackTitle "IM"]
[WhiteElo "2363"]
[BlackElo "2318"]

1. e4 c6 2. d4 d5 3. exd5 cxd5 4. Bd3 Nc6 5. c3 Nf6 6. h3 e5 7. dxe5 Nxe5 8. Nf3
Nxd3+ 9. Qxd3 Be7 10. O-O O-O 11. Bg5 Qb6 12. Qc2 Bc5 13. Nbd2 Ne4 14. Nxe4 dxe4
15. Qxe4 Qxb2 16. Be3 Bxe3 17. Qxe3 Bf5 18. Nd4 Rfe8 19. Qc1 Qxc1 20. Raxc1 Bd3
21. Rfd1 Bc4 22. a3 g6 23. Nc2 Rac8 24. Ne3 Be6 25. Rd4 Rc5 26. Rb1 b6 27. c4
Ra5 28. Rd3 Rc8 29. Rb4 Kf8 30. Kf1 Re5 31. Rd4 Ke7 32. Ke2 Ra5 33. Rd3 Rd8 34.
Rxd8 Kxd8 35. Rb3 b5 36. Rd3+ Kc7 37. cxb5 Rxb5 38. Rc3+ Kb6 39. Kd3 Ka5 40. Kc2
Ka4 41. Nc4 Bf5+ 42. Kd2 Bb1 43. Kc1 Ba2 44. Nb2+ Ka5 45. Nc4+ Ka6 46. Nd6 Rb1+
47. Kd2 Rb6 48. Ne4 Bd5 49. Nc5+ Kb5 50. g3 Rd6 51. Ke3 a5 52. Nd3 Kb6 53. h4
f6 54. Nc5 Bc6 55. Nb3 Re6+ 56. Kd2 Re5 57. Re3 Rf5 58. f4 Bd7 1/2-1/2

[Event "Druzynowe Mistrzostwa Polski w Szachach I LIGA 2021"]
[Site "Szklarska Poreba"]
[Date "1899-12-30"]
[Round "1.68"]
[White "Dzida, Kamil"]
[Black "Kucza, Karol"]
[Result "1/2-1/2"]
[WhiteTitle "k+"]
[BlackTitle "FM"]
[WhiteElo "2224"]
[BlackElo "2322"]

1. d4 d5 2. c4 e6 3. Nf3 Nf6 4. Nc3 c6 5. Bg5 h6 6. Bxf6 Qxf6 7. e3 Nd7 8. Bd3
dxc4 9. Bxc4 g6 10. O-O Bg7 11. Rc1 O-O 12. e4 e5 13. d5 Nb6 14. dxc6 bxc6 15.
Be2 Bg4 16. Qc2 h5 17. Nb1 Bxf3 18. Bxf3 Rac8 19. Rcd1 Rfd8 20. Nd2 c5 21. a4
Bh6 22. a5 Nd7 23. Nc4 Nb8 24. Ne3 Rd4 25. Be2 Qd6 26. Rxd4 exd4 27. Nc4 Qe7 28.
f4 Nc6 29. e5 Nb4 30. Qe4 f5 31. Qf3 Rd8 32. Nd6 Kh7 33. Bc4 Qc7 34. h3 Nc2 35.
g4 hxg4 36. hxg4 fxg4 37. Qe4 Ne3 38. f5 Nxf1 39. fxg6+ Kh8 40. Qh1 Kg7 41. Nf7
Rh8 42. Nxh8 Nd2 43. Bd5 Qxa5 44. Nf7 Qa1+ 45. Kg2 Qxh1+ 46. Kxh1 Nf1 47. e6 Ng3+
48. Kg2 Nf5 49. Be4 Ne7 50. Kg3 Bc1 51. Ne5 Kf6 1/2-1/2

[Event "Druzynowe Mistrzostwa Polski w Szachach I LIGA 2021"]
[Site "Szklarska Poreba"]
[Date "1899-12-30"]
[Round "1.69"]
[White "Janaszak, Dawid"]
[Black "Jankowiak, Tomasz"]
[Result "1-0"]
[WhiteTitle "FM"]
[BlackTitle "k"]
[WhiteElo "2348"]
[BlackElo "2169"]

1. e4 c5 2. Nc3 d6 3. f4 g6 4. Nf3 Bg7 5. Bc4 Nc6 6. O-O e6 7. d4 Nxd4 8. Be3 Nxf3+
9. Qxf3 a6 10. f5 Nf6 11. Rad1 Qc7 12. Bf4 e5 13. Bg5 gxf5 14. exf5 Bd7 15. Bxf6
Bc6 16. Bd5 Bxf6 17. Ne4 Be7 18. Bxf7+ Kxf7 19. Qh5+ Kg8 20. Rd3 Bxe4 21. Rg3+
Kf8 22. f6 Bd8 23. Qh6+ Ke8 24. Rg7 Rf8 25. Rxc7 Bxc7 26. Qh3 Bd5 27. Qxh7 Bf7
28. g4 Kd7 29. g5 Kc6 30. h4 Bc4 31. Rd1 Rh8 32. Qe4+ d5 33. Qg4 d4 34. g6 Rag8
35. h5 Bf7 36. Kf2 e4 37. Qxe4+ Bd5 38. Qf5 Bd6 39. b3 b5 40. g7 Rh6 41. Qg5 Bf4
42. Qxf4 Rxh5 43. f7 Rxg7 44. Qf6+ Kb7 45. Qxg7 Rf5+ 46. Kg1 Rxf7 47. Qg5 Kc6
48. Re1 c4 49. Re8 Rc7 50. Qf6+ Kc5 51. b4+ 1-0

[Event "Druzynowe Mistrzostwa Polski w Szachach I LIGA 2021"]
[Site "Szklarska Poreba"]
[Date "1899-12-30"]
[Round "1.70"]
[White "Jankowiak, Piotr"]
[Black "Jasnikowski, Zbigniew"]
[Result "0-1"]
[WhiteTitle "k"]
[BlackTitle "IM"]
[WhiteElo "2080"]
[BlackElo "2326"]

1. d4 Nf6 2. Bg5 d5 3. Bxf6 exf6 4. e3 f5 5. Bd3 g6 6. Nd2 Nd7 7. Ngf3 Nf6 8. c4
Bg7 9. O-O O-O 10. Qb3 c6 11. Rfc1 Qe7 12. Rc2 Be6 13. Ng5 dxc4 14. Bxc4 Bd5 15.
Ngf3 Rad8 16. a3 Ne4 17. Rac1 Nxd2 18. Nxd2 f4 19. Bxd5 Rxd5 20. Nf3 fxe3 21.
fxe3 a5 22. Rc5 a4 23. Qd3 Bh6 24. e4 Rxc5 25. Rxc5 Rd8 26. Rc4 c5 27. d5 b5 28.
Rc2 c4 29. Qd4 Qd7 30. h3 Bg7 31. Qb6 Re8 32. Re2 f5 33. Qc6 Qxc6 34. dxc6 fxe4
35. c7 Rc8 36. Ng5 Bd4+ 37. Kf1 e3 0-1

[Event "Druzynowe Mistrzostwa Polski w Szachach I LIGA 2021"]
[Site "Szklarska Poreba"]
[Date "1899-12-30"]
[Round "1.71"]
[White "Skurniak, Szymon"]
[Black "Statucki, Maciej"]
[Result "1/2-1/2"]
[WhiteTitle "k"]
[BlackTitle "I"]
[WhiteElo "2080"]
[BlackElo "1833"]

1. e4 c5 2. Nf3 Nc6 3. d4 cxd4 4. Nxd4 Nf6 5. Nc3 e5 6. Ndb5 d6 7. Bg5 a6 8. Na3
b5 9. Nd5 Be7 10. Bxf6 Bxf6 11. c3 Ne7 12. Nc2 Nxd5 13. Qxd5 Rb8 14. Rd1 Bb7 15.
Qd3 O-O 16. Be2 Be7 17. Ne3 g6 18. Bg4 Bg5 19. Nd5 Bxd5 20. Qxd5 Be7 21. O-O Kh8
22. f4 Qc7 23. f5 Qc5+ 24. Qxc5 dxc5 25. f6 Bd8 26. Rd5 Rb6 27. Rxe5 Rc6 28. Re7
Rxf6 29. Rxf6 Bxe7 30. Rxa6 b4 31. cxb4 cxb4 32. Kf1 Kg7 33. Ke2 Rd8 34. a4 Bg5
35. Ra7 Rd2+ 36. Kf1 Be3 37. Rb7 Rxb2 38. Be6 Rf2+ 39. Ke1 Rxg2 40. Rxf7+ Kh6
41. a5 Rxh2 42. a6 Bd4 43. Rd7 Bc5 44. Rc7 Bb6 45. Rb7 Bc5 46. Rb5 Bd4 47. Rd5
b3 48. Rxd4 b2 49. Ba2 Rh1+ 50. Ke2 Ra1 51. Bb1 Rxb1 52. Rb4 Ra1 53. Rxb2 Rxa6
54. Ke3 Kg5 55. Kd4 h5 56. e5 h4 57. Kd5 Kf4 58. e6 h3 59. e7 Ra8 60. Ke6 g5 61.
Rf2+ Ke4 62. Rf8 Ra6+ 63. Kf7 Ra7 64. Kf6 Rxe7 65. Kxe7 g4 66. Rh8 Kf4 67. Kf6
g3 1/2-1/2

[Event "Druzynowe Mistrzostwa Polski w Szachach I LIGA 2021"]
[Site "Szklarska Poreba"]
[Date "1899-12-30"]
[Round "1.72"]
[White "Czarniecka, Aleksandra"]
[Black "Andrejczuk, Beata"]
[Result "1/2-1/2"]
[WhiteTitle "m"]
[BlackTitle "WFM"]
[WhiteElo "2021"]
[BlackElo "2011"]

1. e4 d5 2. exd5 Qxd5 3. Nc3 Qa5 4. d4 c6 5. Bc4 Nf6 6. Bd2 Bf5 7. Nf3 e6 8. Nd5
Qd8 9. Nxf6+ gxf6 10. Qe2 Qc7 11. O-O-O Nd7 12. Nh4 Bg6 13. Nxg6 hxg6 14. h4 O-O-O
15. g3 f5 16. Bg5 Bh6 17. f4 Rde8 18. Bxh6 Rxh6 19. d5 cxd5 20. Bxd5 Rhh8 21.
Bb3 Nc5 22. Rd4 Rd8 23. Rc4 Kb8 24. Qe3 b6 25. a4 Qb7 26. Re1 Nxb3+ 27. Qxb3 Qd5
28. Kb1 Rd7 29. Qc3 Rhd8 30. b3 Qd2 31. Qe5+ Kb7 32. Rc1 Qg2 33. Qc3 Qd2 34. Qe5
Qg2 35. Rc3 Qe4 36. Qb5 Qd5 37. Qe2 Qd2 38. Qf3+ Qd5 39. Qe2 Qd2 40. Qc4 Qd5 41.
Qe2 1/2-1/2

[Event "Druzynowe Mistrzostwa Polski w Szachach I LIGA 2021"]
[Site "Szklarska Poreba"]
[Date "1899-12-30"]
[Round "1.73"]
[White "Niekras, Dawid"]
[Black "Niedbala, Bartlomiej"]
[Result "1/2-1/2"]
[WhiteTitle "FM"]
[BlackTitle "FM"]
[WhiteElo "2286"]
[BlackElo "2380"]

1. e4 c5 2. Nf3 d6 3. d4 cxd4 4. Nxd4 Nf6 5. Nc3 g6 6. Be2 Bg7 7. O-O O-O 8. Re1
Nc6 9. Nb3 a6 10. Bf1 Bg4 11. f3 Be6 12. Bg5 Rc8 13. Nd5 Bxd5 14. exd5 Ne5 15.
c3 h6 16. Be3 b5 17. Qd2 Nc4 18. Bxc4 bxc4 19. Nd4 Kh7 20. Nc2 Qd7 21. Rad1 Qb7
22. Na3 Rc7 23. Bf2 Rb8 24. Re2 Qc8 25. Qf4 Kg8 26. Kh1 g5 27. Qd2 Rcb7 28. Qc1
Qf5 29. Red2 Rc8 30. Qc2 Qxc2 31. Rxc2 Nd7 32. Bd4 Bxd4 33. Rxd4 Ne5 34. Kg1 Kg7
35. Kf1 Rcb8 36. Rdd2 f5 37. Ke2 f4 38. Kd1 Kf6 39. Kc1 h5 40. Kb1 Kf5 41. Rd4
Rc7 42. Rf2 Rc5 43. h3 Rbc8 44. Nc2 Rb8 45. Na3 Rb7 46. Ka1 Rb8 1/2-1/2

[Event "Druzynowe Mistrzostwa Polski w Szachach I LIGA 2021"]
[Site "Szklarska Poreba"]
[Date "1899-12-30"]
[Round "1.74"]
[White "Suder, Jakub"]
[Black "Zakrzewski, Marek"]
[Result "1/2-1/2"]
[WhiteTitle "FM"]
[BlackTitle "FM"]
[WhiteElo "2339"]
[BlackElo "2273"]

1. d4 d5 2. c4 c6 3. cxd5 cxd5 4. Bg5 f6 5. Bd2 e5 6. dxe5 fxe5 7. e4 Nf6 8. exd5
Bc5 9. Bb5+ Nbd7 10. Nc3 O-O 11. Qe2 Nb6 12. O-O-O Bf5 13. Bd3 Bxd3 14. Qxd3 Nfxd5
15. Nf3 Nxc3 16. Qxc3 Rc8 17. Kb1 Bxf2 18. Qb3+ Qd5 19. Qxd5+ 1/2-1/2

[Event "Druzynowe Mistrzostwa Polski w Szachach I LIGA 2021"]
[Site "Szklarska Poreba"]
[Date "1899-12-30"]
[Round "1.75"]
[White "Selbes, Tarik"]
[Black "Czerw, Dawid"]
[Result "1-0"]
[WhiteTitle "FM"]
[BlackTitle "FM"]
[WhiteElo "2260"]
[BlackElo "2413"]

1. e4 c5 2. Nc3 Nc6 3. Bb5 d6 4. f4 Bd7 5. Nf3 g6 6. O-O Bg7 7. d3 a6 8. Bxc6 Bxc6
9. Qe1 b5 10. e5 e6 11. exd6 Qxd6 12. Ne5 Ne7 13. Ne4 Bxe4 14. dxe4 O-O 15. Be3
Rad8 16. Qf2 Bxe5 17. fxe5 Qxe5 18. Bxc5 Rd7 19. Rad1 Rxd1 20. Rxd1 Re8 21. Rd7
Kf8 22. Qe3 Qxb2 23. h4 Qa1+ 24. Kh2 Qg7 25. Bxe7+ Kg8 26. e5 h6 27. Qd4 g5 28.
Bf6 Qg6 29. Rd8 1-0

[Event "Druzynowe Mistrzostwa Polski w Szachach I LIGA 2021"]
[Site "Szklarska Poreba"]
[Date "1899-12-30"]
[Round "1.76"]
[White "Redzisz, Michal"]
[Black "Hemmerling, Jaroslaw"]
[Result "1-0"]
[WhiteTitle "FM"]
[BlackTitle "I++"]
[WhiteElo "2219"]
[BlackElo "1935"]

1. d4 d5 2. Nf3 e6 3. g3 Nf6 4. c4 Bb4+ 5. Nbd2 a5 6. Qc2 O-O 7. Bg2 Re8 8. O-O
a4 9. a3 Bf8 10. e4 c5 11. Rd1 cxd4 12. cxd5 exd5 13. Nxd4 Bg4 14. N4f3 dxe4 15.
Nxe4 Qe7 16. Nc3 Nc6 17. Bf4 Qc5 18. Re1 Bf5 19. Rxe8 Rxe8 20. Qd2 Ne4 21. Nxe4
Bxe4 22. Re1 Rd8 23. Qe3 Bd5 24. Bc7 Qxe3 25. Rxe3 Rc8 26. Bb6 g6 27. Nd2 Bxg2
28. Kxg2 Bg7 29. b3 Nd4 30. bxa4 Nc2 31. Re7 1-0